000 00600nas a2200229 4500
001 BR9602718
003 BR-BrBNA
005 20231205094730.0
007 ta
008 230509b bl.|||p| |||| 00| 00por d
040 _aBR-BrBNA
_bpor
_cBiblioteca Nacional de Agricultura
041 _a(Pt)
072 _aL73
100 1 _aMattar, M.R.
245 1 _aRinite atrofica
650 _aSUÍNO
650 _aBacteria
650 _aRinite Atrofica
773 0 _tRevista Batavo (Brazil)
_x
_g(Jan 1996), v. 4(51) p. 7-9
_wBR9602718
909 _a202311
_bLúcia
_c55
_dLúcia Elande
942 _2AGRIS
_n0
_cANA
999 _c146451
_d146451